[Event "Granby"]
[Site "Granby CAN"]
[Date "1988.10.29"]
[Round "2"]
[White "Morin, Louis"]
[Black "Manuri, Louise"]
[Result "1-0"]
[WhiteElo "1980"]
[BlackElo "1675"]
[PlyCount "63"]
[GameId "2160767912520221"]
[EventDate "1988.10.29"]
[EventType "swiss"]
[EventRounds "4"]
[EventCountry "CAN"]
[SourceTitle "hb 2013"]

1. e4 d5 2. exd5 Qxd5 3. Nc3 Qd8 4. d4 g6 5. Nf3 Bg7 6. Bc4 Nh6 7. Bf4 Nf5 8. O-O O-O 9. Be5 Nc6 10. Bxg7 Kxg7 11. d5 Na5 12. Be2 b6 13. Re1 c6 14. b4 Nb7 15. dxc6 Nbd6 16. b5 Be6 17. Ng5 Bc4 18. Bxc4 Nxc4 19. Qxd8 Rfxd8 20. g4 Rd4 21. h3 h6 22. Nf3 Rf4 23. Kg2 Rxf3 24. Kxf3 Nd4+ 25. Kg2 Nxc2 26. Rac1 Nxe1+ 27. Rxe1 e6 28. Rd1 a6 29. bxa6 Rxa6 30. c7 Ra8 31. Rd8 Nd6 32. Rxa8 1-0

[Event "Granby"]
[Site "Granby CAN"]
[Date "1988.10.30"]
[Round "3"]
[White "Desforges, Jean"]
[Black "Morin, Louis"]
[Result "1/2-1/2"]
[WhiteElo "1990"]
[BlackElo "1980"]
[PlyCount "51"]
[GameId "2160767912520222"]
[EventDate "1988.10.29"]
[EventType "swiss"]
[EventRounds "4"]
[EventCountry "CAN"]
[SourceTitle "hb 2013"]

1. d4 d5 2. c4 e6 3. Nf3 c5 4. cxd5 exd5 5. g3 Nc6 6. Bg2 Nf6 7. O-O Be7 8. Nc3 O-O 9. dxc5 Bxc5 10. Na4 Be7 11. Be3 Re8 12. Rc1 Bg4 13. Bc5 Ne4 14. Bxe7 Qxe7 15. Nd4 Nxd4 16. Qxd4 Bxe2 17. Rfe1 Qf6 18. Qxf6 Nxf6 19. Nc3 Ba6 20. Rxe8+ Rxe8 21. Nxd5 Nxd5 22. Bxd5 Kf8 23. Rc3 Re5 24. Rc8+ Re8 25. Rc7 Re7 26. Rc8+ 1/2-1/2

[Event "Granby"]
[Site "Granby CAN"]
[Date "1988.10.30"]
[Round "4"]
[White "Morin, Louis"]
[Black "Deslandes, Raynald"]
[Result "1/2-1/2"]
[WhiteElo "1980"]
[BlackElo "1664"]
[PlyCount "60"]
[GameId "2160767912520223"]
[EventDate "1988.10.29"]
[EventType "swiss"]
[EventRounds "4"]
[EventCountry "CAN"]
[SourceTitle "hb 2013"]

1. e4 c5 2. d4 cxd4 3. c3 dxc3 4. Nxc3 Nc6 5. Nf3 d6 6. Bc4 e6 7. O-O Nf6 8. Qe2 Be7 9. Rd1 Qc7 10. Bf4 a6 11. Rac1 O-O 12. Bb3 Re8 13. e5 dxe5 14. Bxe5 Nxe5 15. Nxe5 Qa5 16. Nc4 Qg5 17. Nb6 Rb8 18. Ne4 Nxe4 19. Qxe4 e5 20. Nxc8 Rbxc8 21. Rxc8 Rxc8 22. Qxb7 Rc1 23. Qa8+ Bf8 24. g3 Rxd1+ 25. Bxd1 Qd2 26. Bb3 Qxb2 27. Qxa6 Qb1+ 28. Kg2 Qe4+ 29. Kg1 Qe1+ 30. Kg2 Qe4+ 1/2-1/2

[Event "Grand Prix #3"]
[Site "Toronto CAN"]
[Date "1988.??.??"]
[Round "?"]
[White "Olheiser, Gordon"]
[Black "Norton, Glen"]
[Result "1-0"]
[WhiteElo "1847"]
[BlackElo "1464"]
[PlyCount "35"]
[GameId "2160767912583405"]
[EventDate "1988.??.??"]
[EventType "swiss"]
[EventRounds "5"]
[EventCountry "CAN"]
[SourceTitle "CFC 1988.04"]

1. e4 Nc6 2. Nf3 d5 3. exd5 Qxd5 4. Nc3 Qd8 5. d4 Bg4 6. Be2 e6 7. h3 Bh5 8. O-O Bb4 9. Be3 Nf6 10. Ne5 Bxe2 11. Qxe2 Nxd4 12. Bxd4 Qxd4 13. Qb5+ Ke7 14. Rad1 Qc5 15. Rd7+ Nxd7 16. Qxd7+ Kf6 17. Qxf7+ Kxe5 18. Re1+ 1-0

[Event "Guelph Fall op"]
[Site "Guelph CAN"]
[Date "1988.11.06"]
[Round "1"]
[White "Veltmann, Martin"]
[Black "Knechtel, Tim"]
[Result "1-0"]
[WhiteElo "2031"]
[BlackElo "1786"]
[PlyCount "59"]
[GameId "2160767912520205"]
[EventDate "1988.11.06"]
[EventType "swiss"]
[EventRounds "4"]
[EventCountry "CAN"]
[SourceTitle "mv"]

1. e4 g5 2. d4 Bg7 3. Bxg5 c5 4. c3 cxd4 5. Nf3 dxc3 6. Nxc3 h6 7. Be3 Nf6 8. Be2 Nc6 9. h3 Qa5 10. O-O d6 11. Qd2 Bd7 12. a3 Rc8 13. b4 Qh5 14. Nd4 Qg6 15. Nf5 Nxe4 16. Nxg7+ Qxg7 17. Nxe4 Bxh3 18. Ng3 h5 19. gxh3 h4 20. Kh2 hxg3+ 21. fxg3 Qh7 22. h4 Ne5 23. Rac1 Rd8 24. Qd4 Rg8 25. Qf4 f6 26. Rc7 Nd3 27. Qh6 Qxh6 28. Bxh6 Ne5 29. Bh5+ Nf7 30. Rxb7 1-0

[Event "Guelph Fall op"]
[Site "Guelph CAN"]
[Date "1988.11.06"]
[Round "2"]
[White "Ross, Paul"]
[Black "Veltmann, Martin"]
[Result "1-0"]
[WhiteElo "2336"]
[BlackElo "2031"]
[PlyCount "87"]
[GameId "2160767912520206"]
[EventDate "1988.11.06"]
[EventType "swiss"]
[EventRounds "4"]
[EventCountry "CAN"]
[SourceTitle "mv"]

1. d4 Nf6 2. Nf3 e6 3. Bg5 Be7 4. e3 d5 5. Bd3 h6 6. Bxf6 Bxf6 7. c3 O-O 8. Nbd2 Nd7 9. Qe2 e5 10. Bf5 e4 11. Ng1 Re8 12. g3 Nf8 13. Bxc8 Rxc8 14. Qh5 b6 15. Ne2 Ne6 16. Rd1 Qd7 17. h4 c5 18. Nb3 c4 19. Nd2 g6 20. Qg4 h5 21. Qh3 Qa4 22. b3 cxb3 23. axb3 Qc6 24. g4 Ng7 25. Rc1 Qd7 26. g5 Qxh3 27. Rxh3 Be7 28. Nf4 Red8 29. Ke2 b5 30. Rhh1 Nf5 31. b4 Kh7 32. Nb3 f6 33. Ne6 Re8 34. Nf4 Red8 35. gxf6 Bxf6 36. Nc5 Bxh4 37. Ra1 Ra8 38. Ra6 Rg8 39. Nxd5 Rg7 40. Nxe4 Rf8 41. Nf4 Re8 42. Kd3 Rge7 43. Rxh4 Nxh4 44. Nf6+ 1-0

[Event "Guelph Fall op"]
[Site "Guelph CAN"]
[Date "1988.11.06"]
[Round "3"]
[White "Veltmann, Martin"]
[Black "Jung, Hans"]
[Result "1/2-1/2"]
[WhiteElo "2031"]
[BlackElo "2310"]
[PlyCount "92"]
[GameId "2160767912520207"]
[EventDate "1988.11.06"]
[EventType "swiss"]
[EventRounds "4"]
[EventCountry "CAN"]
[SourceTitle "mv"]

1. e4 c6 2. d4 d5 3. Nc3 dxe4 4. Nxe4 Nd7 5. Nf3 Ndf6 6. Ng3 Bg4 7. Be2 e6 8. O-O Bd6 9. Ne5 Bxe2 10. Qxe2 Ne7 11. Bg5 Nd7 12. Rfe1 O-O 13. Rad1 Qc7 14. Nxd7 Qxd7 15. Ne4 Rfe8 16. Rd3 Nf5 17. Rh3 f6 18. Be3 e5 19. Nxd6 Nxd6 20. dxe5 Rxe5 21. Qd3 f5 22. Rd1 Rd5 23. Qb3 Qe6 24. Rxd5 cxd5 25. Qd3 b6 26. Bd2 Ne4 27. Re3 d4 28. Re1 Qxa2 29. Bb4 Rd8 30. b3 Rc8 31. Qxd4 Qxc2 32. Qd5+ Kh8 33. Qxf5 Nf6 34. Qf3 h6 35. h3 a5 36. Bd6 Rd8 37. Bf4 Rd3 38. Qa8+ Kh7 39. Qf8 Rd1 40. Rxd1 Qxd1+ 41. Kh2 Qxb3 42. Be5 Qe6 43. f4 a4 44. Qa3 b5 45. Qd3+ Kg8 46. Qxb5 a3 1/2-1/2

[Event "Guelph Fall op"]
[Site "Guelph CAN"]
[Date "1988.11.06"]
[Round "4"]
[White "Veltmann, Martin"]
[Black "Olheiser, Gordon"]
[Result "0-1"]
[WhiteElo "2031"]
[BlackElo "1906"]
[PlyCount "64"]
[GameId "2160767912520208"]
[EventDate "1988.11.06"]
[EventType "swiss"]
[EventRounds "4"]
[EventCountry "CAN"]
[SourceTitle "mv"]

1. e4 c5 2. Nf3 Nc6 3. d4 cxd4 4. Nxd4 g6 5. Be3 Bg7 6. Nc3 Nf6 7. Nb3 O-O 8. Be2 d6 9. f3 b6 10. Qd2 Bb7 11. h4 h5 12. O-O-O Rc8 13. g4 hxg4 14. h5 gxf3 15. Bxf3 Ne5 16. Qg2 Nxf3 17. Qxf3 Rxc3 18. bxc3 Bxe4 19. Qe2 Bxh1 20. Rxh1 Nxh5 21. Rxh5 gxh5 22. Qxh5 e6 23. Bg5 f6 24. Bd2 f5 25. Nd4 Bxd4 26. cxd4 Qf6 27. c3 Rf7 28. Bg5 Qg7 29. Kb2 f4 30. Bh6 Qg2+ 31. Ka3 f3 32. Bg5 Qc2 0-1

[Event "Ile Jesus"]
[Site "Laval CAN"]
[Date "1988.11.19"]
[Round "1"]
[White "Roczniak, Marek"]
[Black "Charest, Johanne"]
[Result "1-0"]
[WhiteElo "1637"]
[BlackElo "1382"]
[PlyCount "69"]
[GameId "2160767912520175"]
[EventDate "1988.11.19"]
[EventType "swiss"]
[EventRounds "5"]
[EventCountry "CAN"]

1. e4 e5 2. Nf3 Nc6 3. Bb5 a6 4. Ba4 Nf6 5. O-O Be7 6. Re1 b5 7. Bb3 O-O 8. c3 d6 9. h3 Bb7 10. d4 h6 11. Nbd2 Re8 12. Nf1 Bf8 13. Ng3 g6 14. Bd2 Qd7 15. Qc2 Na5 16. Rad1 Nxb3 17. axb3 exd4 18. Nxd4 c5 19. Nf3 Qe7 20. Bf4 Rad8 21. Nd2 Qd7 22. Ndf1 Qc6 23. f3 d5 24. e5 Nd7 25. Nh2 Bg7 26. Ng4 h5 27. Nh6+ Bxh6 28. Bxh6 Rxe5 29. f4 Rxe1+ 30. Rxe1 d4 31. f5 gxf5 32. Nxf5 Qc7 33. Ne7+ Kh8 34. Qf2 Qd6 35. Qxf7 1-0

[Event "Ile Jesus"]
[Site "Laval CAN"]
[Date "1988.11.20"]
[Round "2"]
[White "Charest, Johanne"]
[Black "Martineau, Jean-Louis"]
[Result "0-1"]
[WhiteElo "1382"]
[BlackElo "1445"]
[PlyCount "48"]
[GameId "2160767912520176"]
[EventDate "1988.11.19"]
[EventType "swiss"]
[EventRounds "5"]
[EventCountry "CAN"]

1. e4 e5 2. Nf3 Nc6 3. Bc4 Nf6 4. Ng5 d5 5. exd5 Nd4 6. c3 b5 7. cxd4 bxc4 8. dxe5 Nxd5 9. d3 Bb4+ 10. Kf1 O-O 11. a3 Ba5 12. Qc2 Bf5 13. Qxc4 Nf4 14. Ne4 Nxd3 15. b4 Nxe5 16. Qe2 Bxe4 17. Qxe4 Re8 18. Qc2 Nd3 19. Bd2 Qd4 20. Bc3 Bb6 21. Ra2 Qe4 22. Bd2 Qh4 23. Qd1 Nxf2 24. Nc3 Qc4+ 0-1

[Event "Ile Jesus"]
[Site "Laval CAN"]
[Date "1988.11.20"]
[Round "3"]
[White "Guy, Gregoire"]
[Black "Charest, Johanne"]
[Result "1-0"]
[WhiteElo "1342"]
[BlackElo "1382"]
[PlyCount "93"]
[GameId "2160767912520177"]
[EventDate "1988.11.19"]
[EventType "swiss"]
[EventRounds "5"]
[EventCountry "CAN"]

1. e4 e5 2. Nf3 Nc6 3. Bc4 Be7 4. Nc3 Nf6 5. O-O O-O 6. Re1 d6 7. h3 h6 8. d4 exd4 9. Nxd4 Ne5 10. Bb3 c5 11. Nf3 Nc6 12. Bf4 a6 13. a4 Re8 14. e5 dxe5 15. Nxe5 Nxe5 16. Bxe5 Qxd1 17. Raxd1 Bf5 18. Re2 Red8 19. Rde1 Bd6 20. Bxd6 Rxd6 21. Re5 c4 22. Bxc4 Bxc2 23. Re7 b6 24. Rxf7 Kh8 25. Ree7 a5 26. Rxg7 Rd4 27. b3 Rd6 28. Rg3 Rad8 29. Rge3 Bf5 30. Be6 Bc2 31. Bc4 Bf5 32. g4 Bc2 33. R7e6 Rxe6 34. Rxe6 Ng8 35. Rxb6 Kg7 36. Ra6 Rb8 37. Nb5 Rd8 38. Rxa5 Rd1+ 39. Kg2 Be4+ 40. f3 Rd2+ 41. Kg3 Bc2 42. Ra7+ Kh8 43. Ra8 Bh7 44. a5 Kg7 45. a6 Rd1 46. a7 Ra1 47. Rb8 1-0

[Event "Kevin Spraggett"]
[Site "Montreal CAN"]
[Date "1988.11.05"]
[Round "1"]
[White "Charest, Johanne"]
[Black "Deschamps, Martin"]
[Result "0-1"]
[WhiteElo "1436"]
[BlackElo "1588"]
[PlyCount "66"]
[GameId "2160767912520215"]
[EventDate "1988.11.05"]
[EventType "swiss"]
[EventRounds "4"]
[EventCountry "CAN"]

1. e4 c5 2. Nf3 d6 3. d4 cxd4 4. Nxd4 Nf6 5. Nc3 a6 6. Be2 e5 7. Nb3 Be7 8. Be3 O-O 9. Na4 Nbd7 10. Qd3 Qc7 11. O-O Rd8 12. a3 Nc5 13. Nbxc5 dxc5 14. Qc3 Nxe4 15. Qc4 Nd2 16. Bxd2 Rxd2 17. Bd3 b5 18. Qc3 Rxd3 19. Qxd3 bxa4 20. Qe4 Rb8 21. Qxa4 Rxb2 22. Qe8+ Bf8 23. Rfd1 Qb8 24. Rac1 h6 25. Rd8 Rb1 26. Qxf8+ Kh7 27. Rcd1 Bd7 28. Qg8+ Kg6 29. R8xd7 Rxd1+ 30. Rxd1 Qxg8 31. Rd6+ f6 32. Rxa6 Qc8 33. Ra4 Qd7 0-1

[Event "Kevin Spraggett"]
[Site "Montreal CAN"]
[Date "1988.11.05"]
[Round "2"]
[White "Revelle, Pete"]
[Black "Charest, Johanne"]
[Result "1/2-1/2"]
[WhiteElo "1368"]
[BlackElo "1436"]
[PlyCount "75"]
[GameId "2160767912520216"]
[EventDate "1988.11.05"]
[EventType "swiss"]
[EventRounds "4"]
[EventCountry "CAN"]

1. d4 d5 2. c4 c6 3. Nc3 Nf6 4. Nf3 e6 5. Ne5 Nbd7 6. Bg5 h6 7. Bh4 Bd6 8. f4 g5 9. fxg5 hxg5 10. Bxg5 Nxe5 11. dxe5 Bxe5 12. Qc2 Rh5 13. h4 Bg3+ 14. Kd1 dxc4+ 15. Qd2 Qxd2+ 16. Kxd2 Ng4 17. Rh3 Bc7 18. e4 e5 19. Rf3 Be6 20. Be2 f6 21. Bxf6 Bd8 22. Raf1 Bxf6 23. Rxf6 Nxf6 24. Rxf6 Rd8+ 25. Nd5 Bxd5 26. Bxh5+ Bf7+ 27. Kc2 Bxh5 28. Rf5 Bg6 29. Rxe5+ Kf7 30. h5 Kf6 31. Ra5 Bxe4+ 32. Kc3 Bxg2 33. Rxa7 b5 34. h6 Kg6 35. Rg7+ Kxh6 36. Rxg2 Ra8 37. b3 cxb3 38. Kxb3 1/2-1/2

[Event "Kevin Spraggett"]
[Site "Montreal CAN"]
[Date "1988.11.06"]
[Round "3"]
[White "Emo, Gary"]
[Black "Charest, Johanne"]
[Result "0-1"]
[WhiteElo "1489"]
[BlackElo "1436"]
[PlyCount "104"]
[GameId "2160767912520217"]
[EventDate "1988.11.05"]
[EventType "swiss"]
[EventRounds "4"]
[EventCountry "CAN"]

1. e4 e5 2. Nf3 Nc6 3. Bb5 a6 4. Ba4 Nf6 5. O-O Be7 6. Re1 b5 7. Bb3 O-O 8. c3 d6 9. d3 h6 10. Nbd2 Re8 11. h3 Bf8 12. Nf1 Bb7 13. Ng3 Qd7 14. d4 Nd8 15. Bc2 g6 16. b3 Bg7 17. Bb2 Kh7 18. Qd2 Re7 19. Rad1 Qe8 20. d5 Rd7 21. Nh4 c6 22. c4 bxc4 23. bxc4 cxd5 24. exd5 Rc7 25. Bd3 Rb8 26. f4 Re7 27. fxe5 dxe5 28. Ne4 Ba8 29. Nd6 Qd7 30. Ndf5 Qa7+ 31. Bd4 exd4 32. Rxe7 Qc5 33. Rde1 Bf8 34. d6 Qa3 35. Nxg6 Bg7 36. Nxg7 Rb2 37. Bc2 Kxg7 38. Nh4 Qc5 39. Nf5+ Qxf5 40. Bxf5 Rxd2 41. g4 d3 42. Rc1 Rg2+ 43. Kf1 d2 44. Rd1 Bf3 45. Bc2 Rh2 46. Rb1 Rh1+ 47. Kf2 Rxb1 48. Kxf3 d1=Q+ 49. Bxd1 Rxd1 50. c5 Rd5 51. Rc7 Ne6 52. c6 Rxd6 0-1

[Event "Kevin Spraggett"]
[Site "Montreal CAN"]
[Date "1988.11.06"]
[Round "4"]
[White "Charest, Johanne"]
[Black "Gutierrez, Manuel"]
[Result "1/2-1/2"]
[WhiteElo "1436"]
[BlackElo "1598"]
[PlyCount "151"]
[GameId "2160767912520218"]
[EventDate "1988.11.05"]
[EventType "swiss"]
[EventRounds "4"]
[EventCountry "CAN"]

1. e4 c6 2. d4 d5 3. e5 Bf5 4. Nf3 h6 5. Bd3 Bxd3 6. Qxd3 e6 7. c3 Nd7 8. Nbd2 Qb6 9. Nf1 c5 10. a3 c4 11. Qc2 Ne7 12. Ne3 Nc6 13. Rb1 Na5 14. Nd2 Rc8 15. b3 cxb3 16. Nxb3 Nxb3 17. Rxb3 Qa6 18. Nd1 Nb6 19. Qe2 Nc4 20. O-O Be7 21. Qg4 g6 22. Qe2 b5 23. Ne3 Bg5 24. f4 Be7 25. Nxc4 bxc4 26. Rb1 Qa5 27. Qc2 O-O 28. Rf3 Rb8 29. Ra1 Rb3 30. a4 Rfb8 31. Rg3 Kh7 32. Rh3 Bf8 33. g4 Kg7 34. f5 exf5 35. gxf5 Kh7 36. fxg6+ fxg6 37. Rg3 Qa6 38. Qf2 Qe6 39. Rf3 Bg7 40. Rf7 Qg4+ 41. Kf1 Qh3+ 42. Ke1 Qxc3+ 43. Qd2 Kg8 44. Qxc3 Rxc3 45. Rxa7 Rd3 46. e6 Rxd4 47. e7 Re4+ 48. Kd2 d4 49. Rd7 Re8 50. Rd8 R4xe7 51. Rxe8+ Rxe8 52. a5 d3 53. Ra4 Re2+ 54. Kd1 c3 55. Bf4 g5 56. Bg3 Rb2 57. Ra1 Bd4 58. a6 Ba7 59. Be5 Rd2+ 60. Kc1 Rf2 61. Bxc3 Rxh2 62. Be5 Rh1+ 63. Kd2 Rxa1 64. Bxa1 Kf7 65. Kxd3 g4 66. Ke4 h5 67. Be5 Ke6 68. Bg3 Kf6 69. Bh4+ Kg6 70. Kf4 Bb8+ 71. Ke4 g3 72. Kf3 Kf5 73. Bxg3 Ba7 74. Bf2 Bb8 75. a7 Bxa7 76. Bxa7 1/2-1/2

[Event "La Baie"]
[Site "La Baie CAN"]
[Date "1988.??.??"]
[Round "?"]
[White "Bond, Jocelyn"]
[Black "Pouliot, Louis"]
[Result "0-1"]
[WhiteElo "1756"]
[BlackElo "1885"]
[PlyCount "50"]
[GameId "2160767912520609"]
[EventDate "1988.07.01"]
[EventType "swiss"]
[EventRounds "5"]
[EventCountry "CAN"]

1. d4 Nf6 2. Nf3 d5 3. c4 e6 4. Bg5 Be7 5. e3 c6 6. Nc3 Nbd7 7. Rc1 O-O 8. Bd3 dxc4 9. Bxc4 Nd5 10. Bxe7 Qxe7 11. O-O Nxc3 12. Rxc3 e5 13. dxe5 Nxe5 14. Nxe5 Qxe5 15. f4 Qa5 16. Qc2 Rd8 17. Kh1 b6 18. Bd3 Rxd3 19. Qxd3 Ba6 20. Qd1 Bxf1 21. Qxf1 Qxa2 22. Qc1 Rd8 23. Rxc6 Qxb2 24. Kg1 Qxc1+ 25. Rxc1 Kf8 0-1

[Event "La Baie"]
[Site "La Baie CAN"]
[Date "1988.07.01"]
[Round "1"]
[White "Gravel, Eric"]
[Black "Morin, Louis"]
[Result "1-0"]
[WhiteElo "1712"]
[BlackElo "1901"]
[PlyCount "51"]
[GameId "2160767912520611"]
[EventDate "1988.07.01"]
[EventType "swiss"]
[EventRounds "5"]
[EventCountry "CAN"]
[SourceTitle "hb 2013"]

1. e4 e5 2. Nf3 d6 3. Bc4 Nf6 4. Ng5 d5 5. exd5 h6 6. Nf3 e4 7. Qe2 Qe7 8. Nd4 Qe5 9. Nb5 c5 10. d4 cxd4 11. f4 Bb4+ 12. c3 Qe7 13. cxb4 Qxb4+ 14. Bd2 Qxb2 15. Nc7+ Kd8 16. Nxa8 Qxa1 17. O-O d3 18. Qf2 Re8 19. Qxa7 Qb2 20. Qc5 Nfd7 21. Qc7+ Ke7 22. Bc3 Qc2 23. Bxg7 Rd8 24. Nb6 Na6 25. Nxc8+ Rxc8 26. d6+ 1-0

[Event "La Baie"]
[Site "La Baie CAN"]
[Date "1988.07.02"]
[Round "2"]
[White "Morin, Louis"]
[Black "Maheux, Pierre"]
[Result "1-0"]
[WhiteElo "1901"]
[BlackElo "1798"]
[PlyCount "27"]
[GameId "2160767912520612"]
[EventDate "1988.07.01"]
[EventType "swiss"]
[EventRounds "5"]
[EventCountry "CAN"]
[SourceTitle "hb 2013"]

1. e4 c5 2. c3 e6 3. d4 Nf6 4. e5 Nd5 5. c4 Nc7 6. Nf3 cxd4 7. Nxd4 Nc6 8. Nxc6 dxc6 9. Qxd8+ Kxd8 10. Nc3 Bb4 11. Bg5+ Ke8 12. O-O-O Bd7 13. Ne4 a5 14. c5 1-0

[Event "La Baie"]
[Site "La Baie CAN"]
[Date "1988.07.02"]
[Round "3"]
[White "Lapierre, Gaetan"]
[Black "Morin, Louis"]
[Result "1/2-1/2"]
[WhiteElo "1861"]
[BlackElo "1901"]
[PlyCount "136"]
[GameId "2160767912520613"]
[EventDate "1988.07.01"]
[EventType "swiss"]
[EventRounds "5"]
[EventCountry "CAN"]
[SourceTitle "hb 2013"]

1. e4 e5 2. Nf3 d6 3. d4 Nf6 4. Nc3 Nbd7 5. dxe5 dxe5 6. Bc4 Bc5 7. O-O O-O 8. Qe2 c6 9. Rd1 Qe7 10. h3 b5 11. Bb3 Bb4 12. Nb1 Nc5 13. c3 Nxb3 14. axb3 Bc5 15. b4 Bb6 16. Be3 Bxe3 17. Qxe3 Re8 18. Nbd2 Qc7 19. Nb3 Nd7 20. Ra3 Nb6 21. Na5 Be6 22. Qc5 Bd7 23. b3 f6 24. Ra2 Re6 25. c4 Rc8 26. Rad2 Be8 27. Ne1 Nd7 28. Qe3 c5 29. cxb5 cxb4 30. Nc6 Nb6 31. Nxb4 Bxb5 32. Nd5 Qc5 33. Qxc5 Rxc5 34. Rc2 Rxc2 35. Nxc2 Nxd5 36. exd5 Rb6 37. Ne3 Kf8 38. Ra1 a6 39. Nc4 Rb8 40. Kf1 Rd8 41. Rd1 Ke7 42. Ke2 Rc8 43. Kd3 a5 44. Rc1 Rc5 45. Kc3 Rxd5 46. Nxa5 Rd4 47. Nc4 Bxc4 48. bxc4 Kd6 49. Ra1 h5 50. f3 h4 51. Ra8 Rf4 52. Rd8+ Kc7 53. Rg8 g5 54. Kb4 Kb6 55. Rg6 Kc6 56. Rg8 e4 57. fxe4 Rxe4 58. Rf8 Rf4 59. Re8 Rf2 60. Rf8 f5 61. Rf6+ Kd7 62. c5 f4 63. c6+ Kc7 64. Kc5 Rxg2 65. Rf7+ Kd8 66. c7+ Kc8 67. Kc6 Rc2+ 68. Kb6 Rb2+ 1/2-1/2

[Event "La Baie"]
[Site "La Baie CAN"]
[Date "1988.07.03"]
[Round "4"]
[White "Morin, Louis"]
[Black "Pouliot, Louis"]
[Result "1-0"]
[WhiteElo "1901"]
[BlackElo "1885"]
[PlyCount "75"]
[GameId "2160767912520614"]
[EventDate "1988.07.01"]
[EventType "swiss"]
[EventRounds "5"]
[EventCountry "CAN"]
[SourceTitle "hb 2013"]

1. e4 e5 2. Nf3 Nc6 3. Bb5 a6 4. Bxc6 dxc6 5. O-O Bg4 6. h3 h5 7. d3 Qf6 8. Nbd2 Bd6 9. Re1 O-O-O 10. hxg4 hxg4 11. Nh2 Rxh2 12. Qxg4+ Kb8 13. Nf3 Nh6 14. Qg5 Qxg5 15. Bxg5 f6 16. Kxh2 fxg5 17. Nxg5 Rf8 18. f3 Be7 19. Nh3 g5 20. Nf2 Bc5 21. Re2 Bxf2 22. Rxf2 Ng4+ 23. Kg3 Nxf2 24. Kxf2 Rh8 25. Rg1 Rh2 26. Kg3 Rh4 27. c3 c5 28. b4 cxb4 29. cxb4 Rh6 30. Kg4 Rb6 31. a3 a5 32. Kxg5 axb4 33. axb4 Rxb4 34. Kf5 Rb2 35. g4 Rf2 36. Kxe5 Rxf3 37. d4 b5 38. g5 1-0

[Event "La Baie"]
[Site "La Baie CAN"]
[Date "1988.07.03"]
[Round "5"]
[White "Desforges, Jean"]
[Black "Morin, Louis"]
[Result "0-1"]
[WhiteElo "1888"]
[BlackElo "1901"]
[PlyCount "148"]
[GameId "2160767912520615"]
[EventDate "1988.07.01"]
[EventType "swiss"]
[EventRounds "5"]
[EventCountry "CAN"]
[SourceTitle "hb 2013"]

1. d4 Nf6 2. c4 e6 3. Nf3 d5 4. g3 c5 5. cxd5 exd5 6. Bg2 Nc6 7. O-O Be7 8. Nc3 O-O 9. dxc5 Bxc5 10. Na4 Bd6 11. Bg5 Be6 12. Nd4 h6 13. Nxc6 bxc6 14. Be3 Qe7 15. Rc1 Rfc8 16. Bc5 Bxc5 17. Nxc5 Rab8 18. Qd4 a5 19. Na6 c5 20. Rxc5 Rxc5 21. Qxc5 Qxc5 22. Nxc5 Rxb2 23. a4 Rxe2 24. Rb1 d4 25. Rd1 Bc4 26. Bc6 Re5 27. Nd3 Bxd3 28. Rxd3 Re6 29. Bb5 Rd6 30. Rf3 Ng4 31. Rb3 Ne5 32. f4 d3 33. fxe5 d2 34. Be2 d1=Q+ 35. Bxd1 Rxd1+ 36. Kf2 Ra1 37. Rb8+ Kh7 38. Rb7 Kg6 39. g4 Rxa4 40. Kf3 Ra3+ 41. Kf4 Rh3 42. Rb6+ Kh7 43. Rb7 Rxh2 44. Kg3 Re2 45. Re7 Kg6 46. Kf4 a4 47. Ra7 Rf2+ 48. Ke3 Ra2 49. Kf4 a3 50. Ra6+ Kh7 51. Kg3 Ra1 52. Kf2 a2 53. Kg2 g6 54. Ra7 Kg8 55. Ra8+ Kg7 56. Ra7 Kf8 57. Kh2 Ke8 58. Kg2 Kd8 59. Kh2 Kc8 60. Kg2 Kb8 61. Ra3 Kb7 62. Kh2 Kb6 63. Kg2 Kb5 64. Ra8 Kc4 65. Ra7 Kd5 66. Ra4 Kxe5 67. Kh2 f5 68. Ra5+ Kf4 69. gxf5 gxf5 70. Ra4+ Kf3 71. Ra3+ Kf2 72. Ra4 h5 73. Rf4+ Ke3 74. Rxf5 Rb1 0-1

[Event "Labour Day op"]
[Site "Halifax CAN"]
[Date "1988.09.03"]
[Round "?"]
[White "Mathers, Jim"]
[Black "Peckford, William"]
[Result "0-1"]
[WhiteElo "2092"]
[BlackElo "2142"]
[PlyCount "56"]
[GameId "2160767912520337"]
[EventDate "1988.09.03"]
[EventType "swiss"]
[EventRounds "6"]
[EventCountry "CAN"]
[SourceTitle "CFC 1988.10"]

1. e4 c5 2. f4 d5 3. exd5 Nf6 4. b3 Nxd5 5. Bb2 Nc6 6. Bb5 Bd7 7. Ne2 Qc7 8. Nbc3 e6 9. O-O Nxc3 10. Bxc3 O-O-O 11. Kh1 Rg8 12. Qe1 Be7 13. Qg3 h5 14. Ng1 h4 15. Qf2 g5 16. fxg5 Rxg5 17. Nf3 Rg4 18. h3 Rg3 19. Bxc6 Bxc6 20. Be5 Rxh3+ 21. gxh3 Qxe5 22. Qg2 Bxf3 23. Qxf3 Rxd2 24. Qf4 Qe2 25. Rg1 Bd6 26. Rg8+ Kc7 27. Qxf7+ Kb6 28. Kg1 Bh2+ 0-1

[Event "Labour Day op"]
[Site "Toronto CAN"]
[Date "1988.09.??"]
[Round "?"]
[White "Caminos, Oswaldo"]
[Black "Wight, Keith"]
[Result "1-0"]
[WhiteElo "2076"]
[BlackElo "2022"]
[PlyCount "71"]
[GameId "2160767912520338"]
[EventDate "1988.09.03"]
[EventType "swiss"]
[EventRounds "6"]
[EventCountry "CAN"]
[SourceTitle "CFC 1988.10"]

1. e4 c5 2. Nf3 d6 3. d4 cxd4 4. Nxd4 Nf6 5. Nc3 a6 6. Bg5 e6 7. f4 Be7 8. Bc4 b5 9. Bb3 b4 10. Na4 Nxe4 11. Bxe7 Kxe7 12. O-O g6 13. f5 gxf5 14. Nxf5+ exf5 15. Qd5 Be6 16. Qxa8 Qc7 17. Rae1 Qc6 18. Qxc6 Nxc6 19. Kh1 Na5 20. g4 Nxb3 21. cxb3 Kd8 22. Nb6 Nd2 23. gxf5 Nxf1 24. fxe6 fxe6 25. Rxf1 Kc7 26. Nc4 Kc6 27. Rf7 d5 28. Ne5+ Kd6 29. Nd3 Rc8 30. Rxh7 Rc2 31. Ra7 d4 32. Rxa6+ Ke7 33. Nf4 Rf2 34. Rxe6+ Kd7 35. Re4 Rd2 36. h4 1-0

[Event "Labour Day op"]
[Site "Toronto CAN"]
[Date "1988.09.??"]
[Round "?"]
[White "Dougherty, Michael"]
[Black "Nickoloff, Bryon"]
[Result "1-0"]
[WhiteElo "2211"]
[BlackElo "2426"]
[PlyCount "65"]
[GameId "2160767912520339"]
[EventDate "1988.09.03"]
[EventType "swiss"]
[EventRounds "6"]
[EventCountry "CAN"]

1. d4 Nf6 2. c4 e6 3. Nf3 Bb4+ 4. Bd2 Qe7 5. Nc3 O-O 6. g3 d5 7. Bg2 dxc4 8. O-O Nc6 9. Bg5 h6 10. Bxf6 Qxf6 11. Ne4 Qe7 12. Ne5 Nxe5 13. dxe5 Bc5 14. e3 Bb6 15. Qg4 Kh8 16. Qf4 Bd7 17. Nf6 Bc6 18. Bxc6 bxc6 19. h4 Rfd8 20. Nh5 Rd2 21. Rad1 c3 22. bxc3 Rad8 23. Rxd2 Rxd2 24. Qg4 g6 25. Nf6 Qd8 26. Qf4 Kg7 27. h5 Qd3 28. Ng4 Kf8 29. Nxh6 Kg7 30. Ng4 Kf8 31. h6 Qf5 32. h7 Qh5 33. Nh6 1-0

[Event "Labour Day op"]
[Site "Toronto CAN"]
[Date "1988.09.03"]
[Round "1"]
[White "Pacey, Kevin"]
[Black "Purdy, Brian"]
[Result "1-0"]
[WhiteElo "2275"]
[BlackElo "1994"]
[PlyCount "93"]
[GameId "2160767912520340"]
[EventDate "1988.09.03"]
[EventType "swiss"]
[EventRounds "6"]
[EventCountry "CAN"]

1. e4 c5 2. Nf3 d6 3. d4 cxd4 4. Nxd4 Nf6 5. Nc3 g6 6. Be3 Bg7 7. f3 O-O 8. Qd2 Nc6 9. O-O-O d5 10. Qe1 e5 11. Nxc6 bxc6 12. exd5 Nxd5 13. Bc4 Be6 14. Ne4 Qb8 15. Bd2 Qb6 16. Ba5 Qe3+ 17. Kb1 Rab8 18. Bb3 Rb5 19. c4 Qxe1 20. Bxe1 Rxb3 21. axb3 Ne3 22. Rd6 Nxg2 23. Rxc6 Rb8 24. Ka2 Nxe1 25. Rxe1 Rb6 26. Rxb6 axb6 27. Rd1 Bf8 28. Rd8 Kg7 29. Rb8 Bh3 30. Rxb6 Bg2 31. Nd2 Bc5 32. Rb5 Be3 33. Rxe5 Bxd2 34. Re2 Bxf3 35. Rxd2 f5 36. b4 Kf6 37. Kb3 Be4 38. c5 Ke5 39. Kc4 f4 40. b5 g5 41. c6 g4 42. Kc5 g3 43. hxg3 fxg3 44. b6 g2 45. Rd1 Bf3 46. Re1+ Kf5 47. b7 1-0